000 00352nam a2200133Ia 4500
008 240624s9999 xx 000 0 und d
041 _aeng
082 _a021.24 TRI
100 _aTRIPATHI S M
245 _aOBJECTIVE QUESTIONS IN LIBRARY AND INFOR
260 _c2006
_aNew Delhi
_bEss Ess Publications
300 _a331 : p. : cm. ; 21
365 _cRS
_b20
999 _c8407
_d8407